Nadie, nada nunca
Saved in:
| Main Author: | |
|---|---|
| Format: | Book |
| Language: | Spanish |
| Published: |
México, DF :
Siglo Veintiuno,
1980
|
| Series: | La creación literaria
|
| Subjects: |
| LEADER | 00570nam#a2200217#a#4500 | ||
|---|---|---|---|
| 001 | 005956 | ||
| 005 | 20160721143808.0 | ||
| 008 | 990706s1980####mx##################spa#d | ||
| 020 | |a 9682309816 | ||
| 040 | |a AR-beUNQ | ||
| 099 | |a 35-S43 | ||
| 100 | 1 | |a Saer, Juan José | |
| 245 | 0 | 2 | |a Nadie, nada nunca |c Juan José Saer. |
| 260 | |a México, DF : |b Siglo Veintiuno, |c 1980 | ||
| 300 | |a 214 p | ||
| 490 | 0 | |a La creación literaria | |
| 650 | 7 | |a LITERATURA (ARTE) |2 Spines | |
| 650 | 7 | |a NOVELA |2 toit | |
| 929 | |a COMPRA |b Peon |e 19990706 |j 26228 | ||
| 942 | |c LIB |n 0 | ||
| 999 | |c 8707 |d 84094 | ||